000 00326nam a22001217a 4500
008 230627b xxu||||| |||| 00| 0 eng d
020 _a0710801424
082 _a338.10
_bGHA 1984
245 _aAgriculture and Economic Development
260 _aGreat Britain
_bWheatsheaf Books Ltd
_c1984
300 _aXII,380p
942 _2ddc
_cBK
999 _c2797
_d2797